00729nam a22001937a 4500999001900000005001700019010001500036020002600051035001400077037001300091082001200104100001600116245006600132260003800198270010300236300003900339942002600378952013100404 c188146d18814620220511125338.0 aENG-132590 a9789386049810c895.00 aEN-116122 bDBAD/PUB a658.421 aKapil Kumar aSkills India:bDevelopment and Entrepreneurship/cKapil Kumar a DelhibSHIVANI BOOK AGENCYc2021 aA-55B, Gali No. 6, Jagatpuri Extn. Delhib Delhie110093k09560228505mshivanibookagency@gmail.com aviii,276pc23cm(hbk)bBibliography 2ddccENmKAPh658.421 001040708NFICaBL1bBL1d2022-05-11eDBAD/PUBg895.00l2m1o658.421 KAPpEN-116122r2025-02-13 00:00:00s2025-01-28t1yEN